000
00268nam a2200109Ia 4500
008
190216s9999||||xx |||||||||||||| ||und||
100
_a
Kurup K K N
245
0
_a
Aspects Of Kerala History And Culture
260
_b
College Book House
650
_a
History
942
_c
BK
999
_c
20126
_d
20126